000 00705nam a2200229Ia 4500
003 OSt
005 20230525160456.0
008 210423s2010 xx 000 0 und d
020 _a978-0-521-67045-6
040 _cAL
041 _aeng
082 _a515.35
_223
_b KIND
100 _aKING (A C);BILLINGHAM (J);OTTO (S R)
_9114271
245 _aDifferential equations: linear nonlinear ordinary partial
260 _aUnited Kingdom
_bCambridge University Press
_c2010
300 _axi,541
_bPB
365 _b595
_cINR
650 _aDifferential Equations
_9114272
650 _aMathematics
_9114273
906 _aDifferential ; equations: ; linear ; nonlinear ; ordinary ; partial
942 _2ddc
_cBK
999 _c167405
_d167405